| Tag |
First Indicator |
Second Indicator |
Subfields |
| LEADER |
00000pam a22000004a 4500 |
| 001 |
in00002018985 |
| 005 |
20151031171144.0 |
| 008 |
030723s2004 enk b 001 0 eng |
| 010 |
|
|
|a 2003016608
|
| 020 |
|
|
|a 0415333229
|
| 035 |
|
|
|a (OCoLC)ocm52720790
|
| 040 |
|
|
|a DLC
|c DLC
|d TXA
|d UtOrBLW
|
| 042 |
|
|
|a pcc
|
| 043 |
|
|
|a aw-----
|a a------
|a e-ru---
|
| 049 |
|
|
|a TXAM
|
| 050 |
0 |
0 |
|a DS63.2.A75
|b M53 2004
|
| 082 |
0 |
0 |
|a 303.48/25605
|2 22
|
| 245 |
0 |
4 |
|a The Middle East's relations with Asia and Russia /
|c edited by Hannah Carter and Anoushiravan Ehteshami.
|
| 264 |
|
1 |
|a London ;
|a New York :
|b RoutledgeCurzon,
|c 2004.
|
| 300 |
|
|
|a viii, 166 pages ;
|c 25 cm.
|
| 336 |
|
|
|a text
|b txt
|2 rdacontent
|
| 337 |
|
|
|a unmediated
|b n
|2 rdamedia
|
| 338 |
|
|
|a volume
|b nc
|2 rdacarrier
|
| 490 |
1 |
|
|a Durham modern Middle East and Islamic world series ;
|v 5
|
| 504 |
|
|
|a Includes bibliographical references and index.
|
| 505 |
0 |
|
|a Asian geostrategic realities and their impact on Middle East-Asia relations / Anoushiravan Ehteshami -- Russia and the Middle East / Roland Dannreuther -- The Middle East and China / Michael Dillon -- Present patterns of Islamism in Central Asia / Olivier Roy -- The contestation of Islam in post-Soviet Central Asia : a nascent security threat / Shirin Akiner -- Economic relations between the GCC and South and South East Asia / Rodney Wilson -- India and Pakistan's military and security relations with the Middle East / Ben Sheppard -- Muslim South East Asia and the Middle East / C.W. Watson.
|
| 651 |
|
0 |
|a Middle East
|x Relations
|z Asia.
|
| 651 |
|
0 |
|a Asia
|x Relations
|z Middle East.
|
| 651 |
|
0 |
|a Middle East
|x Relations
|z Russia (Federation)
|
| 651 |
|
0 |
|a Russia (Federation)
|x Relations
|z Middle East.
|
| 700 |
1 |
|
|a Carter, Hannah,
|d 1974-
|
| 700 |
1 |
|
|a Ehteshami, Anoushiravan.
|
| 830 |
|
0 |
|a Durham modern Middle East and Islamic world series ;
|v 5.
|
| 948 |
|
|
|a cataloged
|b h
|c 2005/4/27
|d c
|e dmitchel
|f 1:44:20 pm
|
| 994 |
|
|
|a C0
|b TXA
|
| 999 |
|
|
|a MARS
|
| 999 |
f |
f |
|s d8a3b2e1-49a4-36f5-9dcc-f3340d806cc3
|i 6174d829-6c3d-34b6-8e52-b4f9c4ba3f5e
|t 0
|
| 952 |
f |
f |
|p normal
|a Texas A&M University
|b College Station
|c Sterling C. Evans Library
|d Evans: Library Stacks
|t 0
|e DS63.2.A75 M53 2004
|h Library of Congress classification
|i unmediated -- volume
|m A14832642013
|
| 998 |
f |
f |
|a DS63.2.A75 M53 2004
|t 0
|l Evans: Library Stacks
|